000 04557cam a2200469 i 4500
001 19380751
003 OSt
005 20240904092535.0
008 161118t20182017njua b 001 0 eng d
010 _a 2016960238
020 _a9780691183060
_q(paperback ;
_qacid-free paper)
035 _a(OCoLC)on1028223878
040 _aYDX
_beng
_cYDX
_erda
_dCFS
_dOCLCF
_dYDX
_dNGU
_dDLC
042 _alccopycat
043 _ae-gx---
_an-usu--
_an-us---
050 0 0 _aKK4743
_b.W48 2018
082 0 4 _a342.4308/73
_223
100 1 _aWhitman, James Q.
_d1957-
_eauthor.
245 1 0 _aHitler's American Model :
_bthe United States and the making of Nazi race law
264 1 _aPrinceton, New Jersey :
_bPrinceton University Press,
_c[2018]
264 4 _c©2017
300 _axiv, 208 pages :
_billustrations ;
_c20,5/13,5/1,4 cm
_fPaperback
336 _atext
_btxt
_2rdacontent
337 _aunmediated
_bn
_2rdamedia
338 _avolume
_bnc
_2rdacarrier
504 _aIncludes bibliographical references (pages 165-200) and index.
505 0 _aIntroduction -- Making Nazi flags and Nazi citizens. The first Nuremberg law : of New York Jews and Nazi flags ; The second Nuremberg law : making Nazi citizens ; America : the global leader in racist immigration law ; American second-class citizenship ; The Nazis pick up the thread ; Toward the citizenship law : Nazi politics in the early 1930s ; The Nazis look to American second-class citizenship -- Protecting Nazi blood and Nazi honor. Toward the blood law : battles in the streets and the ministries ; Battles in the streets : the call for "unambiguous laws" ; Battles in the ministries : the Prussian memorandum and the American example ; Conservative juristic resistance : Gürtner and Lösener ; The meeting of June 5, 1934 ; The sources of Nazi knowledge of American law ; Evaluating American influence ; Defining "mongrels" : the one-drop rule and the limits of American influence -- Conclusion: America through Nazi eyes. America's place in the global history of racism ; Nazism and American legal culture.
520 _a"Nazism triumphed in Germany during the high era of Jim Crow laws in the United States. Did the American regime of racial oppression in any way inspire the Nazis? The unsettling answer is yes. In Hitler's American Model, James Whitman presents a detailed investigation of the American impact on the notorious Nuremberg Laws, the centerpiece anti-Jewish legislation of the Nazi regime. Contrary to those who have insisted that there was no meaningful connection between American and German racial repression, Whitman demonstrates that the Nazis took a real, sustained, significant, and revealing interest in American race policies. As Whitman shows, the Nuremberg Laws were crafted in an atmosphere of considerable attention to the precedents American race laws had to offer. German praise for American practices, already found in Hitler's Mein Kampf, was continuous throughout the early 1930s, and the most radical Nazi lawyers were eager advocates of the use of American models. But while Jim Crow segregation was one aspect of American law that appealed to Nazi radicals, it was not the most consequential one. Rather, both American citizenship and anti-miscegenation laws proved directly relevant to the two principal Nuremberg Laws--the Citizenship Law and the Blood Law. Whitman looks at the ultimate, ugly irony that when Nazis rejected American practices, it was sometimes not because they found them too enlightened, but too harsh. Indelibly linking American race laws to the shaping of Nazi policies in Germany, Hitler's American Model upends understandings of America's influence on racist practices in the wider world." --
_cBack cover.
600 1 0 _aHitler, Adolf,
_d1889-1945
_xPolitical and social views.
650 0 _aJews
_xLegal status, laws, etc.
_zGermany
_xHistory
_y20th century.
650 0 _aRace defilement (Nuremberg Laws of 1935)
650 0 _aRace discrimination
_xLaw and legislation
_zGermany
_xHistory
_y20th century.
650 0 _aCitizenship
_zGermany
_xHistory
_y20th century.
650 0 _aNational socialism
_zGermany
_xHistory.
650 0 _aAntisemitism
_zGermany
_xHistory
_y20th century.
650 0 _aHolocaust, Jewish (1939-1945)
650 0 _aAfrican Americans
_xLegal status, laws, etc.
_zSouthern States
_xHistory.
650 0 _aAfrican Americans
_xSegregation
_xHistory.
650 0 _aSegregation
_zUnited States
_xHistory.
650 0 _aRace discrimination
_xLaw and legislation
_zUnited States
_xHistory
_y20th century.
942 _2ddc
_cBK
_n0
999 _c18742
_d18742